000 00458nam a22001697a 4500
003 OSt
005 20151013151133.0
008 130629t xxu||||| |||| 00| 0 eng d
050 _aBD 161
_b.D596 2006
082 _aIB 371.3
_bG94 no. 1
245 _aTheory of knowledge :
_bfirst examination 2008 : diplomma programme guide.
260 _aBuenos Aires :
_bIBO,
_c2006.
300 _a63 p. ;
_c29 cm.
562 _e1
942 _2lcc
_cBK
999 _c3382
_d3382